Israeli players in UEFA Champions League (2000-) - Statistics

General Stats
  • This quiz has been taken 12 times
  • The average score is 6 of 91
Answer Stats
Ranking Player Positions Nationality Matches Goals (assists) Periods Clubs % Correct
1 Yossi Benayoun MF 26 7 (5) 2007-2012
82%
3 Manor Solomon MF, FW 16 4 (0) 2019-2022
64%
80 Daniel Peretz GK 1 0 (0) 2024-2025
45%
24 Dor Peretz MF 6 0 (0) 2015-2016
45%
6 Eran Zahavi MF, FW 12 4 (1) 2010-2011, 2015-2016
45%
4 Oscar Gloukh MF, FW 14 2 (3) 2023-2025
45%
48 Liel Abada MF, FW 5 0 (0) 2022-2023
27%
13 Tal Ben Haim DF 7 0 (0) 2007-2008, 2015-2016
27%
39 Tal Ben Haim MF, FW 6 0 (0) 2015-2016
27%
5 Beram Kayal MF 14 1 (0) 2009-2010, 2012-2014
18%
16 Dean David DF, MF, FW 6 1 (0) 2022-2023
18%
73 Eli Biton MF 2 0 (0) 2004-2005
18%
67 Eli Dasa DF, MF 3 0 (0) 2015-2016
18%
49 Liran Cohen MF 5 0 (0) 2004-2005
18%
9 Nir Bitton DF, MF 10 0 (1) 2013-2014, 2016-2018
18%
11 Omri Glazer GK 9 0 (0) 2023-2025
18%
71 Rafi Cohen FW 2 1 (0) 2002-2003
18%
37 Sean Goldberg DF, MF 6 0 (0) 2022-2023
18%
40 Tamir Cohen MF 6 0 (0) 2004-2005
18%
15 Ben Sahar MF, FW 6 1 (0) 2010-2011
9%
2 Bibras Natkho MF, FW 24 2 (3) 2010-2011, 2014-2018
9%
65 Dolev Haziz DF 3 0 (1) 2022-2023
9%
81 Gal Nir GK 1 0 (0) 2004-2005
9%
35 Neta Lavi MF 6 0 (0) 2022-2023
9%
87 Stav Lemkin DF 1 0 (0) 2023-2024
9%
18 Adoram Keisi DF 6 0 (0) 2002-2003
0%
56 Ali Ottman DF 4 0 (0) 2009-2010
0%
17 Alon Harazi DF 6 0 (1) 2002-2003, 2009-2010
0%
19 Arik Benado DF 6 0 (0) 2002-2003
0%
45 Avihai Yadin MF 5 0 (0) 2010-2011
0%
20 Avi Rikan MF, FW 6 0 (0) 2015-2016
0%
22 Avishai Jano DF 6 0 (0) 2002-2003
0%
21 Avi Strool DF 6 0 (0) 2004-2005
0%
57 Barak Yitzhaki FW 4 0 (0) 2015-2016
0%
54 Baruch Dego MF 4 4 (0) 2004-2005
0%
46 Dani Bondar DF 5 0 (0) 2010-2011
0%
58 Dedi Ben Dayan DF, MF 4 0 (0) 2010-2011
0%
23 Dekel Keinan DF 6 0 (0) 2009-2010
0%
59 Dor Micha MF, FW 4 0 (0) 2015-2016
0%
25 Dudu Aouate GK 6 0 (0) 2002-2003
0%
66 Eden Ben Basat FW 3 0 (0) 2015-2016
0%
47 Eitan Tibi DF 5 0 (0) 2015-2016
0%
72 Elad Bonfeld MF 2 0 (0) 2004-2005
0%
26 Elyaniv Barda MF, FW 6 0 (0) 2011-2012
0%
27 Erez Mesika MF 6 0 (0) 2004-2005
0%
68 Eyal Almoshnino DF 3 0 (0) 2002-2003
0%
60 Eyal Golasa MF, FW 4 0 (0) 2009-2010
0%
28 Eyal Meshumar DF 6 0 (0) 2009-2010
0%
29 Gal Alberman MF 6 0 (0) 2015-2016
0%
74 Gal Shish DF 2 0 (0) 2010-2011
0%
10 Gil Vermouth MF 10 0 (0) 2010-2011, 2015-2016
0%
61 Guillermo Israilevich MF 4 0 (0) 2002-2003
0%
42 Haim Revivo MF, FW 5 1 (0) 2001-2002
0%
43 Itay Shechter FW 5 1 (0) 2010-2011
0%
75 Klemi Saban DF 2 0 (0) 2006-2007
0%
76 Kobi Musa DF 2 0 (0) 2004-2005
0%
12 Lior Refaelov MF, FW 7 0 (0) 2009-2010, 2016-2017
0%
50 Liran Strauber GK 5 0 (0) 2004-2005
0%
30 Marwan Kabha DF, MF 6 0 (0) 2017-2018
0%
31 Michael Zandberg MF 6 0 (0) 2002-2003
0%
51 Miguel Vítor DF 5 0 (0) 2007-2008, 2011-2012
0%
32 Mohammad Abu Fani MF 6 0 (0) 2022-2023
0%
33 Mohammad Ghadir MF, FW 6 0 (0) 2009-2010
0%
34 Moshe Mishaelof MF 6 0 (0) 2004-2005
0%
36 Nir Davidovich GK 6 0 (0) 2009-2010
0%
82 Nir Sivilia FW 1 0 (0) 2002-2003
0%
77 Ofri Arad DF, MF 2 0 (0) 2022-2023
0%
14 Omer Atzili MF, FW 6 2 (1) 2022-2023
0%
52 Omri Ben Harush DF 5 0 (0) 2015-2016
0%
83 Omri Kende DF, MF 1 0 (0) 2010-2011
0%
62 Oren Zeitouni MF 4 0 (0) 2004-2005
0%
84 Rami Gershon DF 1 0 (0) 2015-2016
0%
78 Raz Meir DF, MF 2 0 (0) 2022-2023
0%
69 Salem Abu Siam DF 3 0 (0) 2004-2005
0%
64 Salim Tuama MF 3 0 (2) 2010-2011
0%
85 Shai Maimon DF 1 0 (0) 2009-2010
0%
44 Shay Abutbul MF 5 0 (1) 2010-2011
0%
38 Shlomi Arbeitman FW 6 0 (0) 2009-2010
0%
86 Shlomi Azulay FW 1 0 (0) 2015-2016
0%
70 Shuki Nagar DF 3 0 (0) 2004-2005
0%
53 Sintayehu Sallalich MF, FW 5 0 (0) 2014-2015
0%
88 Suf Podgoreanu DF, MF, FW 1 0 (0) 2022-2023
0%
63 Sun Menachem DF 4 0 (0) 2022-2023
0%
89 Taleb Tawatha DF, MF 1 0 (0) 2009-2010
0%
41 Toto Tamuz FW 6 0 (0) 2010-2011
0%
90 Victor Merey FW 1 0 (0) 2010-2011
0%
7 Walid Badir DF, MF 12 1 (0) 2002-2003, 2010-2011
0%
8 Yaniv Katan MF, FW 10 3 (1) 2002-2003, 2009-2010
0%
79 Yisrael Zaguri MF 2 0 (0) 2009-2010
0%
55 Yossi Shivhon MF 4 0 (1) 2010-2011
0%
91 Yuval Spungin DF 1 0 (0) 2015-2016
0%
No matching quizzes found
Score Distribution
Percent of People with Each Score
Percentile by Number Answered
Your Score History
You have not taken this quiz